000
00301nam a2200121Ia 4500
008
190216s9999||||xx |||||||||||||| ||und||
100
_a
Van Loon Gary Wad
245
0
_a
Environmental Chemistry
260
_b
Oxford University Press
_c
2003
300
_a
492
650
_a
Chemistry-Chemistry
942
_c
BK
999
_c
3148
_d
3148